Normal view MARC view
  • History-Punjab

Entry Topical Term

Number of records used in: 2

001 - CONTROL NUMBER

  • control field: 4502

003 - CONTROL NUMBER IDENTIFIER

  • control field: NUST

005 - DATE AND TIME OF LATEST TRANSACTION

  • control field: 20170830151719.0

008 - FIXED-LENGTH DATA ELEMENTS

  • fixed length control field: 170830|| aca||aabn | a|a d

040 ## - CATALOGING SOURCE

  • Original cataloging agency: NUST
  • Transcribing agency: NUST

150 ## - HEADING--TOPICAL TERM

  • Topical term or geographic name entry element: History-Punjab

670 ## - SOURCE DATA FOUND

  • Source citation: Work cat.: (NUST): Ramay, Muhammad Hanif 4501, Punjab ka moqaddama /, 2010
© 2023 Central Library, National University of Sciences and Technology. All Rights Reserved.